|
|
|
|
| LEADER |
00000nab a2200000 a 4500 |
| 001 |
vtls000368442 |
| 003 |
SK-MaSNL |
| 005 |
20260303212031.0 |
| 008 |
230127c1989 xo 0 slo |
| 015 |
|
|
|a SNBRB19rr/mm-uuuuu
|
| 035 |
|
|
|a CL0368564
|
| 035 |
|
|
|a (urnnbn)urn:nbn:sk:snk:ar-a07qup
|
| 035 |
|
|
|a (uuid)ca7987d5-54e9-48f4-ba92-56c345e21757
|
| 035 |
|
|
|a urn:nbn:sk:snk-ab8b6w
|
| 040 |
|
|
|a SNKBUCL
|b slo
|c SNKBUCL
|e AACR2
|
| 041 |
0 |
|
|a slo
|
| 044 |
|
|
|a xo
|c SK
|
| 080 |
|
|
|a 502.4
|2 1981
|
| 100 |
1 |
|
|a Zelman, Ján
|4 aut
|9 1244418
|
| 245 |
1 |
0 |
|a Voda pre Štátnu prírodnú rezerváciu Šúr
|c Ján Zelman
|
| 300 |
|
|
|b Obr. 7.
|
| 650 |
0 |
7 |
|a prírodné rezervácie
|2 snkbucl
|9 3809
|
| 650 |
0 |
7 |
|a voda
|2 snkbucl
|9 854
|
| 651 |
|
7 |
|a Národná prírodná rezervácia Šúr (Slovensko)
|2 snkbucl
|9 14315
|
| 655 |
|
7 |
|a články z novín a časopisov
|2 snkbucl
|9 267496
|
| 773 |
0 |
|
|t Pamiatky príroda
|g Roč. 20, č. 3 (1989), s. 19-20
|
| 850 |
|
|
|a Slovenská národná knižnica v Martine
|a MTA001
|
| 852 |
|
|
|a SNK
|b KIS3GCP
|
| 954 |
|
|
|a odborná, vedecká literatúra pôvodná (slovenská)
|2 lita
|
| 958 |
|
|
|a RK
|
| 958 |
|
|
|a OND
|
| 958 |
|
|
|a EUIPO
|
| 958 |
|
|
|a article9
|
| 992 |
|
|
|a RBX
|
| 999 |
|
|
|c 2205219
|d 2207149
|